<?xml version="1.0" encoding="UTF-8"?>
<collection xmlns="http://www.loc.gov/MARC21/slim">
 <record>
  <leader>01063nam a2200181 a 4500</leader>
  <controlfield tag="001">1/32559</controlfield>
  <controlfield tag="008">070515s19909999gr            10010 gre  </controlfield>
  <datafield tag="035" ind1=" " ind2=" ">
   <subfield code="l">34934</subfield>
  </datafield>
  <datafield tag="040" ind1=" " ind2=" ">
   <subfield code="a">GR-PeUP</subfield>
  </datafield>
  <datafield tag="082" ind1="0" ind2="0">
   <subfield code="a">796.48 ΣΥΝ</subfield>
  </datafield>
  <datafield tag="111" ind1="2" ind2=" ">
   <subfield code="a">Σύνοδος Διεθνούς Ολυμπιακής Ακαδημίας</subfield>
   <subfield code="n">(30η</subfield>
   <subfield code="d">1990:</subfield>
   <subfield code="c">Ολυμπία, Ελλάδα).</subfield>
  </datafield>
  <datafield tag="245" ind1="1" ind2="0">
   <subfield code="a">Λεύκωμα της τριακοστής διεθνούς συνόδου 20 Ιουνίου - 5 Ιουλίου 1990 /</subfield>
   <subfield code="c">Διεθνής Ολυμπιακή Ακαδημία.</subfield>
  </datafield>
  <datafield tag="260" ind1="0" ind2=" ">
   <subfield code="a">Αθήναι :</subfield>
   <subfield code="b">Επιτροπή Ολυμπιακών Αγώνων,</subfield>
   <subfield code="c">1990.</subfield>
  </datafield>
  <datafield tag="300" ind1=" " ind2=" ">
   <subfield code="a">301 σ. :</subfield>
   <subfield code="c">24 εκ.</subfield>
  </datafield>
  <datafield tag="500" ind1=" " ind2=" ">
   <subfield code="a">Βασικό θέμα: Ολυμπισμός. Ειδικό θέμα: &quot;Η γυναίκα στο ολυμπιακό κίνημα&quot;</subfield>
  </datafield>
  <datafield tag="650" ind1=" " ind2="4">
   <subfield code="a">Ολυμπιακοί αγώνες</subfield>
   <subfield code="x">Συνέδρια.</subfield>
  </datafield>
  <datafield tag="710" ind1="2" ind2=" ">
   <subfield code="a">Διεθνής Ολυμπιακή Ακαδημία.</subfield>
  </datafield>
  <datafield tag="852" ind1=" " ind2=" ">
   <subfield code="a">INST</subfield>
   <subfield code="b">UNIPILB</subfield>
   <subfield code="c">MAIN</subfield>
   <subfield code="e">20070515</subfield>
   <subfield code="h">796.48 ΣΥΝ</subfield>
   <subfield code="p">00152468</subfield>
   <subfield code="q">00152468</subfield>
   <subfield code="t">LOAN</subfield>
   <subfield code="y">0</subfield>
   <subfield code="4">1</subfield>
  </datafield>
 </record>
</collection>
